000 00974nam0a22002771 4500
001 rc\3050985
005 20250806202327.0
035 _a(NLR Aleph) 007190448
090 _a46283
_c46283
100 _a20111010d1941 u y0rusy50 ca
101 0 _arus
102 _aRU
105 _aa z |||||
200 1 _aМузей С.М. Кирова
_e[Альбом]
_fРед. А. Кожевников
210 _aЛенинград
_c"Ленфотохудожник" УК ПП Ленгорисполкома
_d[1941]
215 _a16 отд. л. изобр. в обл.-папке
_cизобр.
_d9×7 см
300 _aБез тит. л. Описано по обл.
300 _aФотоминиатюры
702 1 _aКожевников
_bА.
_4340
801 0 _aRU
_bNLR
_gpsbo
801 1 _aRU
_bELAR
_2rusmarc
852 _aNLR
_bЭ
_jАлП/О-К433
942 _cBOOK
945 _aРоссийская национальная библиотека
980 _aNB
980 _aBV